00300nam a2200109 a 4500008004100000020001500041050001500056100001900071245005200090260003900142350000900181120416s0000 ||||||||||||||||| || u a0192621017 aRC 902 Adv aRaine, A. E. G10aAdvanced renal medicinecedited by A.E.G. Raine aOxfordbThe University Pressc1992 a0.00